书目信息 |
| 题名: |
外国哲学
|
|
| 作者: | ;《外国哲学》编委会 编 | |
| 分册: | 第三辑 | |
| 出版信息: | 北京 商务印书馆 1983 |
|
| 页数: | 335页 | |
| 开本: | 21cm | |
| 丛书名: | ||
| 单 册: | ||
| 中图分类: | B1 | |
| 科图分类: | ||
| 主题词: | 哲学--世界 | |
| 电子资源: | ||
| ISBN: | ||
| 000 | 00630nam0 2200229 45 | |
| 001 | 0181004458 | |
| 005 | 20050523161351.7 | |
| 010 | @dCNY1.35 | |
| 091 | @a2017.299 | |
| 100 | @a19950413f19831986em y0chiy0121 ea | |
| 101 | 0 | @achi |
| 102 | @aCN@b110000 | |
| 105 | @ay z 000yy | |
| 200 | 10 | @a外国哲学@Awai guo zhe xue@h第三辑@f《外国哲学》编委会编@F《Wai Guo ZheXue》Bian Wei Hui Bian |
| 210 | @a北京@c商务印书馆@d1983 | |
| 215 | @a335页@d21cm | |
| 606 | @a哲学@x世界 | |
| 690 | @aB1@v3 | |
| 711 | 02 | @a《外国哲学》编委会@4编 |
| 801 | 0 | @aCN@b上海图书馆@c20040508 |
| 801 | 2 | @aCN@bNLC@c20040508 |
| 905 | @dB1@e2:3@f1@b90587 | |
| 外国哲学.第三辑/《外国哲学》编委会编.-北京:商务印书馆,1983 |
| 335页;21cm |
| ISBN :CNY1.35 |
| ● |
| 相关链接 |
|
|
|
|
正题名:外国哲学
索取号:B1/2:3
 
预约/预借
| 序号 | 登录号 | 条形码 | 馆藏地/架位号 | 状态 | 备注 |
| 1 | 0090585 | 001145594 | 密集书库/ [索取号:B1/2:3] | 在馆 | |
| 2 | 0090586 | 001145585 | 密集书库/ [索取号:B1/2:3] | 在馆 | |
| 3 | 0090587 | 001124330 | 第一样本阅览室/ [索取号:B1/2:3] | 在馆 | |
| 4 | 0157503 | 001145601 | 密集书库/ [索取号:B1/2:3] | 在馆 |